| 000 | 01249nam0a22002891 4500 | ||
|---|---|---|---|
| 001 | rc\4224188 | ||
| 005 | 20250612021741.0 | ||
| 021 |
_aRU _b[64-20462ж] |
||
| 035 | _a(NLR Aleph) 008460757 | ||
| 090 |
_a7867918 _c7867918 |
||
| 100 | _a20130416d1964 |||y0rusy50 ca | ||
| 101 | 0 | _arus | |
| 102 | _aRU | ||
| 105 | _aa z ||||| | ||
| 200 | 1 |
_aАктуальные вопросы гастроэнтерологии _e[Сборник статей] _fПод ред. чл.-кор. АМН СССР проф. С.М. Рысса и д-ра мед. наук З.Г. Безкоровайной |
|
| 210 |
_aМосква _cМедицина. Ленингр. отд-ние _d1964 |
||
| 215 |
_a308 с. _cил. _d22 |
||
| 225 | 1 |
_aТруды Ленинградского санитарно-гигиенического медицинского института _vТ. 79 |
|
| 320 | _aБиблиогр. в конце статей | ||
| 606 |
_aЖелудочно-кишечные болезни _jСборники _2psbo |
||
| 702 | 1 |
_aРысс _bС.М. _gСимон Михайлович _4340 |
|
| 702 | 1 |
_aБезкоровайная _bЗ.Г. _4340 |
|
| 801 | 0 |
_aRU _bNLR _gpsbo |
|
| 801 | 1 |
_aRU _bELAR _2rusmarc |
|
| 852 |
_aNLR _jП16/361 |
||
| 942 | _cBOOK | ||
| 980 | _aNB | ||